LEADER 01090nam a2200205 i 4500 001 000000254149 003 CaOOAMICUS 005 20170511000000.0 008 170511s1824 it u000 u ita u 013 $a233054 026 $az-si rose e.u- neco (7) 1824 (A) 040 $aSeMil$bita 245 10$aTomo 5. 300 $a207, [1] p., [3] c. di tav. :$bill. calcogr. 490 0 $aCompendio della Storia universale antica e moderna ;$v97 773 0 $aCompagnoni, Giuseppe <1754-1833>$tStoria dell'Impero russo compilata dal cav. Compagnoni e pubblicata in continuazione al Compendio della storia universale ... Con un supplimento che giugne sino all'incoronazione dell'Imperatore Alessandro 1. oggi regnante. Tomo 1. [-6.].$dMilano : Dalla Tipografia di ranieri Fanfani. Vendesi da Fusi, Stella e Compagni, 1824.$g5$w()9514 830 0$aCompendio della Storia universale antica e moderna ;$v97.$0(OLS)http://semarc/title/401073 850 $aSeMil 852 $aSeMil$W1$xVenegono$y1$m3V I 97 FA$j204495$B204495$CSeMilBibl$Z2$F217894 $8I 996 $6245$aTomo 5$9(OLS)http://semarc/title/76883 LEADER 01288nam a2200313 i 4500 001 000000121294 003 CaOOAMICUS 005 20220311155753.0 008 031212s1998 it u000 u ita u 013 $a93989 020 $a88-343-0091-2 040 $aSeMil$bita 100 1 $aBolognesi, Giancarlo$b<1923-2020>.$0(OLS)http://semarc/name/4481 245 10$aLeopardi e l'armeno /$cGiancarlo Bolognesi. 264 1$aMilano :$bVita e Pensiero,$c1998. 300 $aXIII, 144 p. ;$c22 cm. 490 1 $aScienze filologiche e letteratura ;$v59 541 0 $aFondo card. C.M. Martini (1B IV 71) 650 4$aLeopardi, Giacomo <1798-1837> - Studi linguistici.$0(OLS)http://semarc/subject/22954 650 4$aLetteratura armena.$0(OLS)http://semarc/subject/10578 830 0$aScienze filologiche e letteratura ;$v59.$0(OLS)http://semarc/title/10462 850 $aSeMil 852 $aSeMil$W1$xVenegono$y1$m1B IV 71$j76385$B76385$CSeMilBibl$Z2$F83215 $81 941 1 $a4 961 $aOmaggio: Martini Card. Carlo Maria 996 $6020$a88-343-0091-2$9(OLS)http://semarc/number/106673 996 $6245$aLeopardi e l'armeno$9(OLS)http://semarc/title/178550 996 $6264$aMilano :$bVita e Pensiero$9(OLS)http://semarc/publisher/29642